Statistiques concernant Tsars de toutes les Russies

Cliquez ici pour prendre le quiz!

Statistiques générales

  • Ce quiz a été pris 850 fois
  • Le résultat moyen est 13 sur 26

Statistiques - réponses

Dates du règneNom du tsar% Correct
1894 - 1917Nicolas II le Pacifique
93%
1825 – 1855Nicolas Ier
91%
1547 – 1584Ivan IV le Terrible
82%
1682 – 1725Pierre Ier le Grand
80%
1801 – 1825Alexandre Ier
79%
1855 - 1881Alexandre II le Libérateur
78%
1881 – 1894Alexandre III
74%
1762 – 1796Catherine II la Grande
73%
1725 – 1727Catherine Ire
70%
1727 – 1730Pierre II
70%
1762Pierre III
67%
1682 – 1696Ivan V
58%
1740 - 1741Ivan VI
51%
1796 - 1801Paul Ier
43%
1741 – 1762Élisabeth Ire la Clémente
32%
1598 – 1605Boris Godounov
31%
1613 – 1645Michel Ier
30%
1645 – 1676Alexis Ier
28%
1730 – 1740Anne Ire
24%
1584 – 1598Fédor Ier Ivanovitch
23%
1605Fédor II
22%
1605 – 1606Dimitri II
20%
1676 – 1682Fédor III
20%
1606 – 1610Vassili IV Chouiski
12%
1598Irina Godounova
11%
1610 – 1613Ladislas IV Vasa
10%

Distribution des résultats

Percentile par nombre de réponses

% des personnes avec chaque résultat

Votre développement - résultats

Vous n’avez pas pris ce quiz